[Event "Santos op"]
[Site "Santos"]
[Date "2009.06.26"]
[Round "2"]
[White "Ramos Gazola, Vanessa"]
[Black "Shigueo Ueti, Silvio"]
[Result "0-1"]
[WhiteElo "1960"]
[BlackElo "2228"]
[PlyCount "66"]
[EventDate "2009.06.26"]
[EventType "swiss"]
[EventRounds "6"]
[EventCountry "BRA"]
[SourceTitle "EXT 2012"]
[Source "ChessBase"]
[SourceDate "2011.11.24"]
[SourceVersion "1"]
[SourceVersionDate "2011.11.24"]
[SourceQuality "1"]

1. d4 g6 2. c4 Nf6 3. Nc3 Bg7 4. e4 0-0 5. Be2 d6 6. Bg5 c5 7. d5 e6 8. Nf3 h6 9. Bf4 exd5 10. exd5 g5 11. Bd2 Bf5 12. 0-0 Nbd7 13. Qb3 Qc7 14. Nb5 Qb6 15. Bd3 Ne4 16. Bxe4 Bxe4 17. Rfe1 Bxf3 18. Qxf3 a6 19. Qf5 Ne5 20. Nxd6 Qxd6 21. Rac1 Qf6 22. Qh3 g4 23. Qg3 Qf5 24. Re3 h5 25. b3 f6 26. Rce1 Rf7 27. Re4 b6 28. Bf4 a5 29. Bd2 Bf8 30. h3 Rg7 31. Rf4 Qg6 32. Re3 Bd6 33. Qh4 Nf3+ 0-1